Semiconductor nanolasers (Record no. 57304)

MARC details
000 -LEADER
fixed length control field 00756nam a2200205 a 4500
008 - FIXED-LENGTH DATA ELEMENTS--GENERAL INFORMATION
fixed length control field 200806s2017 ||||||||||||||||| || u
020 ## - INTERNATIONAL STANDARD BOOK NUMBER
International Standard Book Number 9781107110489
050 ## - LIBRARY OF CONGRESS CALL NUMBER
Classification number QC 689.55 Fai
100 ## - MAIN ENTRY--PERSONAL NAME
Personal name Gu, Quig
245 10 - TITLE STATEMENT
Title Semiconductor nanolasers
Statement of responsibility, etc. By Quig Gu; Yeshaiahu Fainman
260 ## - PUBLICATION, DISTRIBUTION, ETC.
Place of publication, distribution, etc. Cambridge
Name of publisher, distributor, etc. Cambridge University Press
Date of publication, distribution, etc. 2017
300 ## - PHYSICAL DESCRIPTION
Extent viii, 324 pages : illustrations
650 ## - SUBJECT ADDED ENTRY--TOPICAL TERM
Topical term or geographic name entry element NANOSTRUCTURED MATERIALS
650 ## - SUBJECT ADDED ENTRY--TOPICAL TERM
Topical term or geographic name entry element MINIATURE ELECTRONIC EQUIPMENT
650 ## - SUBJECT ADDED ENTRY--TOPICAL TERM
Topical term or geographic name entry element SEMICONDUCTORS
650 ## - SUBJECT ADDED ENTRY--TOPICAL TERM
Topical term or geographic name entry element LASERS
650 ## - SUBJECT ADDED ENTRY--TOPICAL TERM
Topical term or geographic name entry element SEMICONDUCTOR LASERS
700 ## - ADDED ENTRY--PERSONAL NAME
Personal name Fainman Yeshaiahu
995 ## - RECOMMENDATION 995 [LOCAL, UNIMARC FRANCE]
-- 109.00
-- CBU-MAIN LIBRARY (Kitwe)
-- 1
-- AVAILABLE
-- Aug 7, 2020
-- Main Library Open Access Collection
Holdings
Withdrawn status Lost status Source of classification or shelving scheme Damaged status Not for loan Home library Current library Shelving location Date acquired Total Checkouts Full call number Barcode Date last seen Price effective from Koha item type
          CBU-MAIN LIBRARY, KITWE. CBU-MAIN LIBRARY, KITWE.   11/30/2022   QC 689.55 Fai 750177 11/30/2022 11/30/2022 MONOGRAPH